Insurtech: Výzvy a príležitosti pre poistný sektor bakalárska práca

Salvato in:
Dettagli Bibliografici
Autore principale: Ružička, Andrej
Ente Autore: Národohospodárska fakulta EU. Katedra poisťovníctva
Altri autori: Gogola, Erik, 1993-
Natura: Libro
Lingua:slovacco
Pubblicazione: Bratislava 2023
Tags: Aggiungi Tag
Nessun Tag, puoi essere il primo ad aggiungerne!!

MARC

LEADER 00000nbm a2200000 4500
001 0294636
005 20231130135432.7
041 0 |a slo 
044 |a SK 
245 1 0 |a Insurtech: Výzvy a príležitosti pre poistný sektor  |b bakalárska práca  |c Andrej Ružička ; školiteľ: Erik Gogola 
264 1 |a Bratislava  |c 2023 
300 |a 42 s. 
100 1 |a Ružička, Andrej 
700 1 |a Gogola, Erik, 1993- 
710 2 |a Národohospodárska fakulta EU. Katedra poisťovníctva